| 000 | 00878nam a2200193 a 4500 | ||
|---|---|---|---|
| 001 | 001075111 | ||
| 003 | AM-YeHGA | ||
| 005 | 20250617151258.0 | ||
| 008 | 150422s1980 ||| r 000 0 rus d | ||
| 040 | _aAM-YeHGA | ||
| 041 | 0 | _arus | |
| 245 | 0 | 0 |
_aЭкспериментальный мутагенез : _bМатериалы Республиканской научной сессии по экспериментальному мутагенезу, 14-16 октября 1980 г. / _cРедкол.: И.К. Абдуллаев (отв. ред.) и др. |
| 260 |
_aБаку : _bЭЛМ, _c1980. |
||
| 300 | _a77 с. | ||
| 550 | _aАН АзССР, Ин-т генетики и селекции и др. | ||
| 653 | 0 | _aЭкспериментальный мутагенез - Тезисы докладов | |
| 700 | 1 |
_aАбдуллаев, И.К. _eред. _4edt |
|
| 090 | _c350051 | ||
| 999 |
_c348242 _d348242 |
||